000 00423nam a22001457a 4500
005 20241108194716.0
008 241108b |||||||| |||| 00| 0 eng d
020 _a9788175345349
100 _aGafoor Abdul K.A.
245 _aLaw of Private Defence
260 _aNew Delhi, India
_bUniversal Law Publishing Co. Ltd.
_c2006
300 _axvi, 172 pages
_bIncludes Appendix
_c25 cm
650 _2Defence Law
942 _2lcc
_cBK
_n0
999 _c946
_d946